Implementation of Monetary Policy in Ems Countries Participating in the Exchange Rate Mechanism /

This paper investigates the issue of monetary interdependence among members of the European Monetary System over the period 1979-91 and the leadership role attributed to the German central bank in the process of monetary integration, and looks for possible changes in central banks' behaviors. E...

Fuld beskrivelse

Bibliografiske detaljer
Hovedforfatter: Galy, Michel
Format: Tidsskrift
Sprog:English
Udgivet: Washington, D.C. : International Monetary Fund, 1992.
Serier:IMF Working Papers; Working Paper ; No. 1992/087
Online adgang:Full text available on IMF
LEADER 01693cas a2200241 a 4500
001 AALejournalIMF002001
008 230101c9999 xx r poo 0 0eng d
020 |c 5.00 USD 
020 |z 9781451850932 
022 |a 1018-5941 
040 |a BD-DhAAL  |c BD-DhAAL 
100 1 |a Galy, Michel. 
245 1 0 |a Implementation of Monetary Policy in Ems Countries Participating in the Exchange Rate Mechanism /  |c Michel Galy. 
264 1 |a Washington, D.C. :  |b International Monetary Fund,  |c 1992. 
300 |a 1 online resource (26 pages) 
490 1 |a IMF Working Papers 
500 |a <strong>Off-Campus Access:</strong> No User ID or Password Required 
500 |a <strong>On-Campus Access:</strong> No User ID or Password Required 
506 |a Electronic access restricted to authorized BRAC University faculty, staff and students 
520 3 |a This paper investigates the issue of monetary interdependence among members of the European Monetary System over the period 1979-91 and the leadership role attributed to the German central bank in the process of monetary integration, and looks for possible changes in central banks' behaviors. Econometric evidence supports somewhat the German leadership role but suggests also the development of an increased interdependence between French and German monetary policies after 1981-82; meanwhile, the Italian and more recently the Spanish central banks appear to have preserved a more significant measure of monetary autonomy. 
538 |a Mode of access: Internet 
830 0 |a IMF Working Papers; Working Paper ;  |v No. 1992/087 
856 4 0 |z Full text available on IMF  |u http://elibrary.imf.org/view/journals/001/1992/087/001.1992.issue-087-en.xml  |z IMF e-Library